000
00298nam a2200121Ia 4500
008
190216s9999||||xx |||||||||||||| ||und||
100
_a
Roanld Breslow
245
0
_a
Organic Reaction Mechanisms
260
_b
Wa Benjamin International Co
_c
1969
300
_a
272p
650
_a
Chemistry
942
_c
BK
999
_c
2396
_d
2396